عرض عادي عرض مارك
  • Estimation theory.

مدخل مصطلح موضوعي

عدد التسجيلات المستخدمة في: 2

001 - رقم الضبط

  • حقل الضبط: 10573

003 - معرف رقم الضبط

  • حقل الضبط: OSt

005 - تاريخ ووقت أخر عملية

  • حقل الضبط: 20120410165517.0

008 - عناصر بيانات ثابتة الطول

  • حقل تحكم ثابت الطول: 120410|||a|||||| | ||| d

040 ## - مصدر الفهرسة

  • هيئة الفهرسة الأصلية: OSt
  • وكالة الكتابة: OSt

150 ## - مدخل-- مصطلح تاريخي

  • عنصر مدخل المصطلح الموضوعي او الاسم الجغرافي: Estimation theory.

670 ## - بيانات المصدر موجوده

  • الاستشهاد بالمصدر: Work cat.: (OSt)0: Mahajan, Sanjoy, 1969- 10572, Street-fighting mathematics :, c2010.